| 000 -LEADER |
| fixed length control field |
00411nam a22001457a 4500 |
| 003 - CONTROL NUMBER IDENTIFIER |
| control field |
OSt |
| 005 - DATE AND TIME OF LATEST TRANSACTION |
| control field |
20200526161522.0 |
| 008 - FIXED-LENGTH DATA ELEMENTS--GENERAL INFORMATION |
| fixed length control field |
200526b ||||| |||| 00| 0 eng d |
| 020 ## - INTERNATIONAL STANDARD BOOK NUMBER |
| International Standard Book Number |
9781781575109 |
| 082 ## - DEWEY DECIMAL CLASSIFICATION NUMBER |
| Classification number |
771 |
| Item number |
KAM |
| 100 ## - MAIN ENTRY--PERSONAL NAME |
| Personal name |
Kamps, Haje Jan |
| 245 ## - TITLE STATEMENT |
| Title |
Beginner's guide to photography/ no jargon--just great photos |
| Remainder of title |
o jargon--just great photos |
| 260 ## - PUBLICATION, DISTRIBUTION, ETC. (IMPRINT) |
| Place of publication, distribution, etc |
New York |
| Name of publisher, distributor, etc |
Octopus Books |
| Date of publication, distribution, etc |
2017 |
| 942 ## - ADDED ENTRY ELEMENTS (KOHA) |
| Source of classification or shelving scheme |
|